000 00784cam a2200217 a 4500
001 000006421
005 20200929153929.0
008 860827s1986 pr a b 001 f spa
020 _a0865813795
040 _aDO-SdBNP
_cDLC
_dDLC
082 _a863.09
_bB641M
100 1 _aMonserrat Gamiz, María del Carmen.
_917835
245 1 0 _aTomas Blanco y "los vates" /
_cMaría del Carmen Monserrat Gamiz.
260 _aSan Juan, Puerto Rico :
_bInstituto de Cultura Puertorriqueña,
_c1986.
300 _aix, 347 p. :
_bil. ;
_c24 cm.
504 _aBibliografías: p. [297]-347.
600 1 0 _aBLANCO, TOMAS.
_y1910-1990
_917836
650 4 _aNovela española
_xHistoria y crítica
_912614
650 4 _aLiteratura española
_xHistoria y crítica
_93904
910 _aCatalogación por copia / LC
999 _c6216
_d6216